Music Quiz

Random Music or Song Quiz

1980's Rock Opening Lyrics Quiz Stats

 Plays Quiz not verified by Sporcle

Challenge
Share
Tweet
Embed
Score 0/25 Timer 10:00
0 Plays Today
Lyrics Song % Correct
Rising up, back on the streetEye of the Tiger
92.9%
Tommy used to work on the docksLivin' on a Prayer
91.2%
Jessie is a friendJessie's Girl
80.5%
She was a fast machineYou Shook Me All Night Long
77.9%
Domo Arigato Mr. Roboto
77%
I get up and nothing gets me downJump
69.9%
That's great, it starts with an earthquakeIt's the End of the World as We Know It
62.8%
A modern day warrior Mean, mean strideTom Sawyer
61.1%
Sometimes I feel like I don't have a partnerUnder the Bridge
61.1%
I heat up, I can't cool down. You got me spinnin'Abracadabra
58.4%
No, I don't know where I'm goingHere I Go Again
45.1%
You know I'm a dreamerHome Sweet Home
40.7%
Gotta make a move to a town that's right for meFunkytown
39.8%
Lyrics Song % Correct
We both lie silently still In the dead of the nightEvery Rose Has It's Thorn
37.2%
We're leaving together, but still it's farewellThe Final Countdown
32.7%
You and I, in a little toy shop99 Red Balloons
32.7%
Moving on the floor now babe you're a bird of paradiseRio
30.1%
We're talking away I don't know what to sayTake on Me
30.1%
Dirty! Rotten! Filthy! Stinkin' Rich!Cherry Pie
28.3%
You know I never I never seen you look so goodTalk Dirty To Me
27.4%
Ah wow man, Wait a second manHot for Teacher
21.2%
Look in my eyes, what do you see?Cult of Personality
20.4%
It's early morning The sun comes outRock You Like A Hurricane
18.6%
Though I've tried before to tell herEvery Little Thing She Does is Magic
16.8%
Can't seem to get my mind off of youVacation
13.3%

You're not logged in!

Compare scores with friends on all Sporcle quizzes.
Join for Free
OR
Log In

You Might Also Like...

Show Comments

Extras

Top Quizzes Today


Score Distribution

Your Account Isn't Verified!

In order to create a playlist on Sporcle, you need to verify the email address you used during registration. Go to your Sporcle Settings to finish the process.

Report this User

Report this user for behavior that violates our Community Guidelines.

Details: